Konec experimentu přestavba a pád komunismu v Československu
Guardado en:
| Autor principal: | |
|---|---|
| Formato: | Libro |
| Lenguaje: | checo |
| Publicado: |
Praha
Scriptorium
2011
|
| Materias: | |
| Etiquetas: |
Sin Etiquetas, Sea el primero en etiquetar este registro!
|
MARC
| LEADER | 00000nam a2200000 4500 | ||
|---|---|---|---|
| 001 | 0128597 | ||
| 005 | 20240312112442.2 | ||
| 020 | |a 978-80-87271-31-5 | ||
| 041 | 0 | |a cze | |
| 044 | |a CZ | ||
| 245 | 1 | 0 | |a Konec experimentu |b přestavba a pád komunismu v Československu |c Michal Pullmann |
| 264 | 1 | |a Praha |b Scriptorium |c 2011 | |
| 300 | |a 243 s. | ||
| 610 | 2 | 0 | |a komunizmus |
| 610 | 2 | 0 | |a Československo |
| 610 | 2 | 0 | |a politika |
| 610 | 2 | 0 | |a ideológia |
| 100 | 1 | |a Pullmann, Michal | |